| Поле | Название | Значение |
| |
Тип записи |
a |
| |
Библиографический уровень |
m |
| 001 |
Контрольный номер |
RU/URAIT/590403 |
| 005 |
Дата корректировки |
20260429163628.6 |
| 008 |
Кодируемые данные |
260429s2026 RU y f j 000 0 rus u |
| 020 |
Индекс ISBN |
__ |
| a |
ISBN |
978-5-534-20023-2 |
| c |
Цена, тираж |
2209.00 |
| 040 |
Источник каталогиз. |
__ |
| a |
Служба первич. каталог. |
ИКО Юрайт |
| c |
Служба, преобразующая запись |
ИКО Юрайт |
| e |
Правила каталог. |
RCR |
| 041 |
Код языка издания |
__ |
| a |
Код языка текста |
rus |
| 044 |
Код страны публикации |
__ |
| a |
Код страны публикации |
RU |
| 080 |
Индекс УДК |
__ |
| a |
Индекс УДК |
62192(075.8) |
| 084 |
Индекс другой классификации/Индекс ББК |
__ |
| 2 |
Источник индекса |
rubbk |
| a |
Индекс другой классификации/Индекс ББК |
34.41я73 |
| 100 |
Автор |
__ |
| a |
Автор |
Тимошенков С. П. |
| q |
Полное имя |
Тимошенков Сергей Петрович |
| 245 |
Заглавие |
__ |
| a |
Заглавие |
Основы надежности технических систем и техногенный риск |
| b |
Продолж. заглавия |
учебник и практикум для спо |
| c |
Ответственность |
С. П. Тимошенков, Б. М. Симонов, В. Н. Горошко. |
| 250 |
Сведения об издании |
__ |
| g |
|
испр. и доп |
| a |
Основные сведения об издании |
2-е изд. |
| 256 |
Характеристики компьютерного файла |
__ |
| a |
Характеристики компьютерного файла |
Электрон. дан. |
| 260 |
Выходные данные |
__ |
| a |
Место издания |
Москва |
| b |
Издательство |
Юрайт |
| c |
Дата издания |
2026 |
| 300 |
Физическое описание |
__ |
| a |
Объем |
428 с |
| 440 |
Серия |
__ |
| a |
Серия |
Профессиональное образование |
| 500 |
Примечания |
__ |
| a |
Примечание |
URL: https://urait.ru/bcode/590403 (дата обращения: 29.04.2026). |
| 520 |
Аннотация |
__ |
| a |
Аннотация |
В курсе изложены вопросы, относящиеся к надежности технических систем, составляющих основу современной техники, и их безопасности, оцениваемой по критериям риска на основе теории статистических решений. Проведено систематическое рассмотрение комплекса вопросов в рамках информационного, физического и геометрического пространств, с совокупностью математических операторов, составляющих суть аксиоматической теории надежности, ранее предложенной авторами. Представлены модели для элементов, компонентов технических систем, приведены примеры оценки надежности и риска технических систем. Для студентов образовательных учреждений среднего профессионального образования и специалистов, область деятельности которых связана с созданием объектов различного назначения. |
| 538 |
Прим. о системных особенностях |
__ |
| a |
Прим. о системных особенностях |
Режим доступа: Электронно-библиотечная система Юрайт, для авториз. пользователей |
| 653 |
Ключевые слова |
__ |
| a |
Ключевые слова |
Безопасность жизнедеятельности. Охрана труда |
| 653 |
Ключевые слова |
__ |
| a |
Ключевые слова |
Технические науки |
| 653 |
Ключевые слова |
__ |
| a |
Ключевые слова |
Конструирование и проектирование систем вооружения |
| 653 |
Ключевые слова |
__ |
| a |
Ключевые слова |
Технические системы |
| 700 |
Другие авторы |
__ |
| a |
Другие авторы |
Симонов Б. М. |
| q |
Полное имя |
Симонов Борис Михайлович |
| 700 |
Другие авторы |
__ |
| a |
Другие авторы |
Горошко В. Н. |
| q |
Полное имя |
Горошко Владимир Николаевич |
| 856 |
Электронный адрес документа |
40 |
| n |
Местонахождение сервера |
Юрайт |
| g |
|
Электронная книга |
| q |
Тип электронного формата |
html |
| h |
Имя пользователя |
ЮРАЙТ |
| v |
Часы доступа к ресурсу |
20271231 |
| 2 |
Способ доступа |
Показать документ |
| x |
Служебное примечание |
https://urait.ru/book/cover/69E07948-4882-4898-8206-FD9B6C4F63C0 |
| u |
URL |
https://urait.ru/bcode/590403 |
| 856 |
Электронный адрес документа |
48 |
| q |
Тип электронного формата |
cover |
| u |
URL |
https://urait.ru/book/cover/69E07948-4882-4898-8206-FD9B6C4F63C0 |
| 911 |
|
__ |
| u |
|
0030=https://urait.ru/bcode/590403 |
| 911 |
|
__ |
| u |
|
073a=9785534200232 |
| u |
|
073d=2209.00 |
| 911 |
|
__ |
| u |
|
106a=s |
| 911 |
|
__ |
| u |
|
900l= |
| 952 |
Тип литературы |
__ |
| i |
Дисциплина |
Конструирование и проектирование систем вооружения |
| 952 |
Тип литературы |
__ |
| i |
Дисциплина |
Технические системы |